<?xml version="1.0" encoding="UTF-8"?>
<record
    xmlns:xsi="http://www.w3.org/2001/XMLSchema-instance"
    xsi:schemaLocation="http://www.loc.gov/MARC21/slim http://www.loc.gov/standards/marcxml/schema/MARC21slim.xsd"
    xmlns="http://www.loc.gov/MARC21/slim">

  <leader>00860nam a2200145Ia 4500</leader>
  <controlfield tag="008">100204s9999    xx            000 0 und d</controlfield>
  <datafield tag="082" ind1=" " ind2=" ">
    <subfield code="b">7490</subfield>
  </datafield>
  <datafield tag="100" ind1=" " ind2=" ">
    <subfield code="a">&#x935;&#x94B;&#x930;&#x93E;   &#x926;&#x947;&#x935;&#x947;&#x902;&#x926;&#x94D;&#x930;&#x94D;&#x930; / &#x926;&#x93F;&#x915;&#x94D;&#x937;&#x93F;&#x924;     &#x92C;&#x933;&#x935;&#x902;&#x924;     &#x905;.</subfield>
  </datafield>
  <datafield tag="245" ind1=" " ind2=" ">
    <subfield code="a">&#x906;&#x92A;&#x932;&#x947; &#x906;&#x930;&#x94B;&#x917;&#x94D;&#x92F; &#x906;&#x92A;&#x932;&#x94D;&#x92F;&#x93E; &#x939;&#x93E;&#x924;&#x93E;&#x902;&#x924; : &#x905;&#x945;&#x915;&#x94D;&#x92F;&#x941;&#x92A;&#x94D;&#x930;&#x947;&#x936;&#x930; &#x909;&#x92A;&#x91A;&#x93E;&#x930; &#x92A;&#x927;&#x94D;&#x926;&#x924;&#x940;</subfield>
  </datafield>
  <datafield tag="260" ind1=" " ind2=" ">
    <subfield code="b">"&#x917;&#x93E;&#x932;&#x93E;  &#x92A;&#x92C;&#x94D;&#x932;&#x93F;&#x936;&#x930;&#x94D;&#x938;,  &#x905;&#x939;&#x92E;&#x926;&#x93E;&#x92C;&#x93E;&#x926;"</subfield>
    <subfield code="c">1983</subfield>
  </datafield>
  <datafield tag="300" ind1=" " ind2=" ">
    <subfield code="a">127</subfield>
  </datafield>
  <datafield tag="630" ind1=" " ind2=" ">
    <subfield code="a">&#x906;&#x92A;&#x932;&#x947; &#x906;&#x930;&#x94B;&#x917;&#x94D;&#x92F; &#x906;&#x92A;&#x932;&#x94D;&#x92F;&#x93E; &#x939;&#x93E;&#x924;&#x93E;&#x902;&#x924; : &#x905;&#x945;&#x915;&#x94D;&#x92F;&#x941;&#x92A;&#x94D;&#x930;&#x947;&#x936;&#x930; &#x909;&#x92A;&#x91A;&#x93E;&#x930; &#x92A;&#x927;&#x94D;&#x926;&#x924;&#x940;</subfield>
  </datafield>
  <datafield tag="730" ind1=" " ind2=" ">
    <subfield code="a">&#x906;&#x92A;&#x932;&#x947; &#x906;&#x930;&#x94B;&#x917;&#x94D;&#x92F; &#x906;&#x92A;&#x932;&#x94D;&#x92F;&#x93E; &#x939;&#x93E;&#x924;&#x93E;&#x902;&#x924; : &#x905;&#x945;&#x915;&#x94D;&#x92F;&#x941;&#x92A;&#x94D;&#x930;&#x947;&#x936;&#x930; &#x909;&#x92A;&#x91A;&#x93E;&#x930; &#x92A;&#x927;&#x94D;&#x926;&#x924;&#x940;</subfield>
  </datafield>
  <datafield tag="942" ind1=" " ind2=" ">
    <subfield code="c">BOOK</subfield>
  </datafield>
  <datafield tag="999" ind1=" " ind2=" ">
    <subfield code="c">451926</subfield>
    <subfield code="d">451923</subfield>
  </datafield>
  <datafield tag="952" ind1=" " ind2=" ">
    <subfield code="0">0</subfield>
    <subfield code="1">0</subfield>
    <subfield code="4">0</subfield>
    <subfield code="7">0</subfield>
    <subfield code="a">NCKMULUND</subfield>
    <subfield code="b">NCKMULUND</subfield>
    <subfield code="d">2010-02-04</subfield>
    <subfield code="g">10.00</subfield>
    <subfield code="l">0</subfield>
    <subfield code="o">7490</subfield>
    <subfield code="p">NCKMULUND-7490</subfield>
    <subfield code="r">2010-02-04 00:00:00</subfield>
    <subfield code="v">10.00</subfield>
    <subfield code="w">2010-02-04</subfield>
    <subfield code="y">BOOK</subfield>
  </datafield>
</record>
